000 01433nam a22003614a 4500
001 ebr10151245
003 CaPaEBR
006 m u
007 cr cn|||||||||
008 040713s2004 mnu s 000 0beng
010 _z 2004016226
015 _aGBA459380
_2bnb
016 7 _z012971470
_2Uk
020 _z0816644578 (hc/j : alk. paper)
040 _aCaPaEBR
_cCaPaEBR
035 _a(OCoLC)560187129
043 _an-us-mn
050 1 4 _aHV6534.A335
_bM86 2004eb
082 0 4 _a364.152/3/0977659
_222
100 1 _aMunday, John S.
245 1 0 _aJustice for Marlys
_h[electronic resource] :
_ba family's twenty-year search for a killer /
_cJohn S. Munday.
260 _aMinneapolis ;
_aLondon :
_bUniversity of Minnesota Press,
_cc2004.
300 _axi, 195 p.
505 2 _aMurder -- Grief -- Reviving the investigation -- Justice.
533 _aElectronic reproduction.
_bPalo Alto, Calif. :
_cebrary,
_d2013.
_nAvailable via World Wide Web.
_nAccess may be limited to ebrary affiliated libraries.
600 1 0 _aWohlenhaus, Marlys Ann,
_d1961-1979.
600 1 0 _aTure, Joseph Donald.
650 0 _aMurder
_zMinnesota
_zAfton
_vCase studies.
650 0 _aSerial murderers
_zUnited States
_vCase studies.
655 7 _aElectronic books.
_2local
710 2 _aebrary, Inc.
856 4 0 _uhttp://site.ebrary.com/lib/rucke/Doc?id=10151245
_zAn electronic book accessible through the World Wide Web; click to view
999 _c192302
_d192302